Della vita di Giuseppe Mazzini / (Record no. 158772)

MARC details
000 -LEADER
campo de control de longitud fija 00589nam a22001815i 4500
001 - NÚMERO DE CONTROL
campo de control 158772
003 - IDENTIFICADOR DE NÚMERO DE CONTROL
campo de control ES-MaACL
005 - FECHA Y HORA DE LA ÚLTIMA TRANSACCIÓN
campo de control 20230906211317.0
008 - DATOS DE LONGITUD FIJA--INFORMACIÓN GENERAL
campo de control de longitud fija 040906s1886 it a |||| | ita d
040 ## - FUENTE DE CATALOGACIÓN
Centro catalogador/agencia de origen CAM
Lengua de catalogación spa
Centro/agencia transcriptor CAM
100 1# - ENTRADA PRINCIPAL--NOMBRE DE PERSONA
Nombre de persona Mario, Jessie W.
9 (RLIN) 129504
245 10 - MENCIÓN DEL TÍTULO
Título Della vita di Giuseppe Mazzini /
Mención de responsabilidad, etc. per Jessie W. Mario.
260 ## - PUBLICACIÓN, DISTRIBUCIÓN, ETC.
Lugar de publicación, distribución, etc. Milano :
Nombre del editor, distribuidor, etc. Edoardo Sonzogno editore,
Fecha de publicación, distribución, etc. 1886.
300 ## - DESCRIPCIÓN FÍSICA
Extensión 499 p. :
Otras características físicas il. ;
Dimensiones 33 cm.
600 14 - PUNTO DE ACCESO ADICIONAL DE MATERIA--NOMBRE DE PERSONA
Nombre de persona Mazzini, Giuseppe-
Subdivisión general Biografías.
9 (RLIN) 129773
752 ## - ENTRADA AGREGADA--NOMBRE JERÁRQUICO DEL LUGAR
País o entidad superior Italia -
Ciudad Milán
852 ## - LOCALIZACIÓN
Ubicación ES-MaACL
Número de control de estantería G-3295
Nota libre -- Enc. editorial en tela estampada
Holdings
Estatus retirado Estado de pérdida Estado de daño No para préstamo Colección Biblioteca de origen Biblioteca actual Ubicación en estantería Fecha de adquisición Fuente de adquisición Total de préstamos Signatura topográfica completa Código de barras Visto por última vez Precio de reemplazo Tipo de ítem Koha
        Libros del s. XIX Biblioteca del Ateneo de Madrid Biblioteca del Ateneo de Madrid Depósito 2 17/01/2008     G-3295 1166184 23/02/2023 23/02/2023 Libro impreso antiguo